Supreme Court Digest 1950-54 (Record no. 353863)

MARC details
000 -LEADER
fixed length control field 00285nam a2200121Ia 4500
008 - FIXED-LENGTH DATA ELEMENTS--GENERAL INFORMATION
fixed length control field 230511s1954 xx 000 0 und d
041 ## - LANGUAGE CODE
Language code of text/sound track or separate title eng
082 ## - DEWEY DECIMAL CLASSIFICATION NUMBER
Classification number 348.044
100 ## - MAIN ENTRY--PERSONAL NAME
Personal name Agarwalla
245 ## - TITLE STATEMENT
Title Supreme Court Digest 1950-54
260 ## - PUBLICATION, DISTRIBUTION, ETC.
Date of publication, distribution, etc. 1954
906 ## - LOCAL DATA ELEMENT F, LDF (RLIN)
a Supreme Court Cases
Holdings
Withdrawn status Lost status Damaged status Not for loan Home library Current library Date acquired Source of acquisition Total Checkouts Full call number Barcode Date last seen Price effective from Koha item type
        New Law College, Kolhapur New Law College, Kolhapur 11/05/2023 Doneted by R G Sawant   348.044 NLK-DO-290 11/05/2023 11/05/2023 Textbook